The living past : (Record no. 5689)

MARC details
000 -LEADER
fixed length control field 00660nam a22002297a 4500
001 - CONTROL NUMBER
control field 5689
003 - CONTROL NUMBER IDENTIFIER
control field FISKH
005 - DATE AND TIME OF LATEST TRANSACTION
control field 20250123095549.0
008 - FIXED-LENGTH DATA ELEMENTS--GENERAL INFORMATION
fixed length control field 250114b cb ||||| |||| 00| 0 eng d
020 ## - INTERNATIONAL STANDARD BOOK NUMBER
International Standard Book Number 9789810193904
040 ## - CATALOGING SOURCE
Original cataloging agency FISKH
Language of cataloging eng
Transcribing agency FISKH
Modifying agency FISKH
050 ## - LIBRARY OF CONGRESS CALL NUMBER
Classification number D16.25
082 ## - DEWEY DECIMAL CLASSIFICATION NUMBER
Classification number 950
100 ## - MAIN ENTRY--PERSONAL NAME
Personal name Major, Andrew
245 ## - TITLE STATEMENT
Title The living past :
Remainder of title History of ancient India, China and southeast Asia /
Statement of responsibility, etc. by Andrew Major
250 ## - EDITION STATEMENT
Edition statement First published 2006
260 ## - PUBLICATION, DISTRIBUTION, ETC.
Place of publication, distribution, etc. Singapore :
Name of publisher, distributor, etc. New York ,
Date of publication, distribution, etc. 2006.
300 ## - PHYSICAL DESCRIPTION
Extent 183 pages :
Other physical details color illustrations ;
Dimensions 28 cm .
650 ## - SUBJECT ADDED ENTRY--TOPICAL TERM
Topical term or geographic name entry element Southeast Asia
Form subdivision non-fiction
942 ## - ADDED ENTRY ELEMENTS (KOHA)
Source of classification or shelving scheme Dewey Decimal Classification
Koha item type Books
Suppress in OPAC No
Holdings
Withdrawn status Lost status Source of classification or shelving scheme Damaged status Not for loan Collection Home library Current library Shelving location Date acquired Total Checkouts Full call number Barcode Date last seen Copy number Price effective from Koha item type
    Dewey Decimal Classification     Non-Fiction Footprints International School Library Network Toul Kork Campus Footprints International School Library Network Toul Kork Campus TTP Secondary Non-Fiction Bookshelves 01/14/2025   MAJ 950 D16.25 FISSE04446 01/14/2025 1 01/14/2025 Books
    Dewey Decimal Classification     Non-Fiction Footprints International School Library Network Toul Kork Campus Footprints International School Library Network Toul Kork Campus TTP Secondary Non-Fiction Bookshelves 01/14/2025   MAJ 950 D16.25 FISSE04425 01/14/2025 2 01/14/2025 Books
    Dewey Decimal Classification     Non-Fiction Footprints International School Library Network Toul Kork Campus Footprints International School Library Network Toul Kork Campus TTP Secondary Non-Fiction Bookshelves 01/14/2025   MAJ 950 D16.25 FISSE03210 01/14/2025 3 01/14/2025 Books
    Dewey Decimal Classification     Non-Fiction Footprints International School Library Network Toul Kork Campus Footprints International School Library Network Toul Kork Campus TTP Secondary Non-Fiction Bookshelves 01/14/2025   MAJ 950 D16.25 FISSE04406 01/14/2025 4 01/14/2025 Books
    Dewey Decimal Classification     Non-Fiction Footprints International School Library Network Toul Kork Campus Footprints International School Library Network Toul Kork Campus TTP Secondary Non-Fiction Bookshelves 01/14/2025   MAJ 950 D16.25 2025-0074 01/23/2025 5 01/14/2025 Books